| 000 | 00000nas 2200000zi 4500 |
| 001 | 9.931422 |
| 003 | CaOODSP |
| 005 | 20240116131849 |
| 006 | m o d f |
| 007 | cr ||||||||||| |
| 008 | 231213d20202022bccwr p o f0###a0eng|d |
| 040 | |aCaOODSP|beng|erda|cCaOODSP |
| 041 | |aeng|afre |
| 043 | |an-cn--- |
| 086 | 1 |aIu85-14-PDF |
| 110 | 2 |aDestination Canada.|eauthor,|eissuing body. |
| 245 | 10|aDestination Canada weekly COVID-19 resident sentiment = |bSondage hebdomadaire de Destination Canada sur l'opinion des résidents quant à la situation liée à la COVID-19. |
| 246 | 31|aSondage hebdomadaire de Destination Canada sur l'opinion des résidents quant à la situation liée à la COVID-19 |
| 264 | 1|a[Vancouver] : |bDestination Canada, |c[2020-2022] |
| 310 | |aWeekly |
| 336 | |atext|btxt|2rdacontent |
| 337 | |acomputer|bc|2rdamedia |
| 338 | |aonline resource|bcr|2rdacarrier |
| 362 | 1 |aBegan with : 2020/05/11; ceased with: 2022/04/05. |
| 546 | |aText in English and French. |
| 588 | |aDescription based on: 2020/05/11. |
| 588 | |aLatest issue consulted: 2022/04/05. |
| 610 | 20|aDestination Canada |vPeriodicals. |
| 650 | 0|aCOVID-19 (Disease)|zCanada|xPublic opinion|vPeriodicals. |
| 650 | 0|aTravel|xHealth aspects|zCanada|vPeriodicals. |
| 655 | 7|aPeriodicals|2lcgft |
| 785 | 00|tDestination Canada monthly COVID-19 resident sentiment = |w(CaOODSP)9.931447 |
| 792 | |tDestination Canada weekly COVID-19 resident sentiment = |efre|w(CaOODSP)9.931437 |